000 00405 a2200193 4500
260 _aParis
100 _aCLEMENT,Jean-Michel.
260 _bLibrairie Larousse.
245 _aLarousse agricole.
300 _a1207p.
650 _aDICTIONNAIRE
650 _aAGRICULTURE
260 _c1981
130 _lFr.
690 _aAGRICULTURE.
020 _a2-03-514301-2
999 _c24437
_d24437